| 000 | 00371nam a2200145 4500 | ||
|---|---|---|---|
| 999 |
_c9455 _d9455 |
||
| 003 | OSt | ||
| 005 | 20210623121920.0 | ||
| 008 | 210623b ||||| |||| 00| 0 eng d | ||
| 020 | _a9783764386979 | ||
| 082 |
_a720.92 _bTRE |
||
| 100 | _a Treiber, Daniel; Wright, Frank Lloyd, 1867-1959 | ||
| 245 | _aFrank Lloyd Wright | ||
| 260 |
_aLondon _bBirkhauser _c2008 |
||
| 942 | _2ddc | ||